Модель представления данных по отклонениям параметров технологического процесса; Информационные технологии в науке, управлении, социальной сфере и медицине

書誌詳細
Parent link:Информационные технологии в науке, управлении, социальной сфере и медицине.— 2019.— [20-23]
第一著者: Журман Д. А.
団体著者: Национальный исследовательский Томский политехнический университет Инженерная школа информационных технологий и робототехники Отделение информационных технологий
その他の著者: Осипова В. В. Виктория Викторовна (научный руководитель)
要約:Заглавие с титульного экрана
The aim of the article is to present a data model for deviations of process parameters based on a real-time DBMS on a Raspberry Pi microcomputer. The text gives valuable information about disadvantages of regular databases and a detailed analysis of real-time DBMS such as Red Database, RethinkDB and MongoDB. Author uses a number of read rows per second to compare real-time DBMS. In addition, the article provides an example of a database model for storing process parameters. As a result, the following outcomes are presented: the analysis of real-time DBMS, the recommendations for installing Red Database DBMS on a microcomputer and the example of the database model for storing process parameters.
言語:ロシア語
出版事項: 2019
シリーズ:Технологии больших данных
主題:
オンライン・アクセス:http://earchive.tpu.ru/handle/11683/57401
フォーマット: 電子媒体 図書の章
KOHA link:https://koha.lib.tpu.ru/cgi-bin/koha/opac-detail.pl?biblionumber=630698

MARC

LEADER 00000naa2a2200000 4500
001 630698
005 20231101133626.0
035 |a (RuTPU)RU\TPU\conf\31988 
035 |a RU\TPU\conf\31987 
090 |a 630698 
100 |a 20191220d2019 k y0rusy50 ca 
101 0 |a rus  |d eng 
102 |a RU 
105 |a y z 101zy 
135 |a drcn ---uucaa 
181 0 |a i  
182 0 |a b 
200 1 |a Модель представления данных по отклонениям параметров технологического процесса  |d Data modelling for deviations of parameters of technology process  |f Д. А. Журман  |g науч. рук. В. В. Осипова 
203 |a Текст  |c электронный 
225 1 |a Технологии больших данных 
230 |a 1 компьютерный файл (pdf; 345 Kb) 
300 |a Заглавие с титульного экрана 
320 |a [Библиогр.: с. 22-23 (8 назв.)] 
330 |a The aim of the article is to present a data model for deviations of process parameters based on a real-time DBMS on a Raspberry Pi microcomputer. The text gives valuable information about disadvantages of regular databases and a detailed analysis of real-time DBMS such as Red Database, RethinkDB and MongoDB. Author uses a number of read rows per second to compare real-time DBMS. In addition, the article provides an example of a database model for storing process parameters. As a result, the following outcomes are presented: the analysis of real-time DBMS, the recommendations for installing Red Database DBMS on a microcomputer and the example of the database model for storing process parameters. 
463 1 |0 (RuTPU)RU\TPU\conf\31887  |t Информационные технологии в науке, управлении, социальной сфере и медицине  |o сборник научных трудов VI Международной конференции, 14-19 октября 2019 г., Томск  |f Национальный исследовательский Томский политехнический университет (ТПУ) ; ред. кол. О. Г. Берестнева [и др.]  |v [20-23]  |d 2019 
510 1 |a Data modelling for deviations of parameters of technology process  |z eng 
610 1 |a электронные ресурсы 
610 1 |a труды учёных ТПУ 
610 1 |a Raspberry Pi 
610 1 |a DBMS 
610 1 |a server 
610 1 |a SCADA 
610 1 |a parameter 
610 1 |a technology process 
610 1 |a серверы 
610 1 |a параметры 
610 1 |a технологические процессы 
610 1 |a базы данных 
610 1 |a данные 
610 1 |a АСУ ТП 
610 1 |a реальное время 
610 1 |a сбор данных 
700 1 |a Журман  |b Д. А. 
702 1 |a Осипова  |b В. В.  |c специалист в области информатики и вычислительной техники  |c программист, доцент Томского политехнического университета, кандидат технических наук  |f 1984-  |g Виктория Викторовна  |2 stltpush  |4 727 
712 0 2 |a Национальный исследовательский Томский политехнический университет  |b Инженерная школа информационных технологий и робототехники  |b Отделение информационных технологий  |h 7951  |2 stltpush  |3 (RuTPU)RU\TPU\col\23515 
801 2 |a RU  |b 63413507  |c 20200121  |g RCR 
856 4 |u http://earchive.tpu.ru/handle/11683/57401 
942 |c BK